|
|
|
|
| LEADER |
01345nam a2200349 a 4500 |
| 001 |
000540966 |
| 003 |
CZ BrMZK |
| 005 |
20190818202613.0 |
| 007 |
ta |
| 008 |
000115s2000 xr e p cze d |
| 015 |
|
|
|a cnb000988968
|
| 020 |
|
|
|a 80-7041-867-2
|
| 035 |
|
|
|a (OCoLC)47952925
|
| 040 |
|
|
|a BOA001
|b cze
|
| 072 |
|
7 |
|a 11
|x Metafyzika
|2 Konspekt
|9 5
|
| 072 |
|
7 |
|a 37.016
|x Učební osnovy. Vyučovací předměty. Učebnice
|2 Konspekt
|9 22
|
| 080 |
|
|
|a 111
|2 MRF
|
| 080 |
|
|
|a 14(091)
|2 MRF
|
| 080 |
|
|
|a (075.8)
|2 MRF
|
| 100 |
1 |
|
|a Nekvinda, Libor,
|d 1961-
|7 jn99240000757
|
| 245 |
1 |
0 |
|a Úvod do studia filosofie bytí :
|b (přehled filosofických teorií do začátku 19. století) /
|c Libor Nekvinda
|
| 250 |
|
|
|a 2. vyd.
|
| 260 |
|
|
|a Hradec Králové :
|b Gaudeamus,
|c 2000
|
| 300 |
|
|
|a 154 s. ;
|c 21 cm
|
| 650 |
0 |
7 |
|a ontologie (filozofie)
|7 ph123746
|2 czenas
|
| 650 |
0 |
7 |
|a dějiny filozofie
|7 ph137168
|2 czenas
|
| 655 |
|
7 |
|a učebnice vysokých škol
|7 fd133772
|2 czenas
|
| 710 |
2 |
|
|a Univerzita Hradec Králové.
|b Ústav filosofie a společenských věd
|7 kn20020422010
|
| 910 |
|
|
|a BOA001
|b 2-1080.030
|
| 990 |
|
|
|a BK
|
| 996 |
6 |
|
|b 2610126137
|c 2-1080.030
|l MZK
|r Sklad / do 1 hodiny
|n 0
|p p.v.
|w 000540966
|u 000010
|a 1
|e BOA001
|j MZK50
|s P
|
| 996 |
7 |
|
|b 2610126639
|c 2-1080.030
|l MZK
|r Sklad / do 1 hodiny
|n 11
|p kup
|w 000540966
|u 000020
|a 1
|e BOA001
|j MZK50
|s A
|